000 00736cam a22002411 4500
001 sa 66007913
003 DLC
005 20260227112308.0
008 891117s1961 ii b 000 0 hino
010 _asa 66007913
035 _a(OCoLC)20667177
040 _aDLC
_cNRU
_dDLC
042 _apremarc
050 0 0 _aPK1931
_b.M5 1965
100 1 _aMiśra, Viśvanāthaprasāda,
_d1906-
245 1 0 _aVaṅmaya vimarśa.
_cLekhaka Viśvanāthapras̄ada Miśra.
250 _a[4. saṃśodhita evaṃ parivardhita saṃskaraṇa]
260 _aVārāṇasī,
_bHindī-Sāhitya-Kutīra
_c[1961]
300 _a12, 2, 623 p.
_billus.
_c19 cm.
500 _aIn Hindi.
504 _aBibliographical footnotes.
650 0 _aHindi philology.
999 _c71496
_d71496